Acciones impostergables en materia fiscal /
Enregistré dans:
| Auteur principal: | |
|---|---|
| Autres auteurs: | |
| Format: | Texte |
| Sujets: | |
| Tags: |
Ajouter un tag
Pas de tags, Soyez le premier à ajouter un tag!
|
MARC
| LEADER | 00000 a a2200000 04500 | ||
|---|---|---|---|
| 001 | 16808 | ||
| 003 | |||
| 040 | |||
| 100 | |a Lizano Fait, Eduardo | ||
| 245 | |a Acciones impostergables en materia fiscal / |c Eduardo Lizano Fait ; Norberto Zúñiga | ||
| 650 | |a GOBIERNO CENTRAL | ||
| 650 | |a ADMINISTRACION FISCAL | ||
| 650 | |a CRISIS | ||
| 650 | |a INGRESOS FISCALES | ||
| 650 | |a GASTOS FISCALES | ||
| 650 | |a DEFICIT | ||
| 650 | |a RECOMENDACIONES | ||
| 650 | |a GOBIERNO CENTRAL | ||
| 650 | |a SECTOR PUBLICO | ||
| 650 | |a DEFICIT | ||
| 650 | |a DEUDA PUBLICA | ||
| 700 | |a Zúñiga, Norberto | ||
| 773 | |g volumen 10, número 3; páginas 101-131 | ||
| 999 | |c 33029 |d 33029 | ||
